Clinicians' Guide to Growth Disorders. (Record no. 5047)
[ view plain ]
| 000 -LEADER | |
|---|---|
| fixed length control field | 00505nam a22001937a 4500 |
| 003 - CONTROL NUMBER IDENTIFIER | |
| control field | OSt |
| 005 - DATE AND TIME OF LATEST TRANSACTION | |
| control field | 20260324020056.0 |
| 008 - FIXED-LENGTH DATA ELEMENTS--GENERAL INFORMATION | |
| fixed length control field | 160822b xxu||||| |||| 00| 0 eng d |
| 020 ## - INTERNATIONAL STANDARD BOOK NUMBER | |
| International Standard Book Number | 0340762373 |
| 040 ## - CATALOGING SOURCE | |
| Transcribing agency | DNLM. |
| 082 ## - DEWEY DECIMAL CLASSIFICATION NUMBER | |
| Classification number | WE250W141c 2002. |
| 100 ## - MAIN ENTRY--PERSONAL NAME | |
| Personal name | Wales,K.H,Jerry; |
| 9 (RLIN) | 10824 |
| 245 ## - TITLE STATEMENT | |
| Title | Clinicians' Guide to Growth Disorders. |
| 260 ## - PUBLICATION, DISTRIBUTION, ETC. (IMPRINT) | |
| Place of publication, distribution, etc. | London. |
| Name of publisher, distributor, etc. | Anold; |
| Date of publication, distribution, etc. | 2002. |
| 300 ## - PHYSICAL DESCRIPTION | |
| Extent | vii,158p; |
| Other physical details | Col,ill; |
| Dimensions | 24cm. |
| 504 ## - BIBLIOGRAPHY, ETC. NOTE | |
| Bibliography, etc | includes index. |
| 650 ## - SUBJECT ADDED ENTRY--TOPICAL TERM | |
| Topical term or geographic name as entry element | Growth. |
| 9 (RLIN) | 4327 |
| 942 ## - ADDED ENTRY ELEMENTS (KOHA) | |
| Source of classification or shelving scheme | Dewey Decimal Classification |
| Koha item type | Open Shelf |
| Koha issues (borrowed), all copies | 1 |
| Withdrawn status | Lost status | Source of classification or shelving scheme | Damaged status | Not for loan | Home library | Current library | Date acquired | Source of acquisition | Inventory number | Total Checkouts | Full call number | Barcode | Date last seen | Price effective from | Koha item type | Checked out | Date last checked out |
|---|---|---|---|---|---|---|---|---|---|---|---|---|---|---|---|---|---|
| Other/Generic Classification Scheme | MUST Main Library | MUST Main Library | 22/08/2016 | 06/26358 | WE250W141c 2002. | 2016-3763 | 22/08/2016 | 22/08/2016 | Open Shelf | ||||||||
| Other/Generic Classification Scheme | MUST Main Library | MUST Main Library | 22/08/2016 | 06/27416 | 1 | WE250W141c 2002. | 2016-3764 | 23/03/2026 | 22/08/2016 | Open Shelf | 30/04/2026 | 23/03/2026 | |||||
| Other/Generic Classification Scheme | MUST Main Library | MUST Main Library | 22/08/2016 | 06/27417 | WE250W141c 2002. | 2016-3765 | 22/08/2016 | 22/08/2016 | Open Shelf |
